000 01013nam a2200289Ia 4500
001 Para_8745
003 CHAP
008 220125s2003 xx 000 0 und d
010 _a207545
040 _cCHAP
090 _aPA TESIS 1733
100 _aArce Espino, Consepción
_96767
245 _aEvaluación del avance genético por resistencia en frijol contra Xanthomonas axonopodis pv. phaseoli mejorados por métodos cuantitativos /
_c por Consepción Arce Espino
260 _aChapingo, Méx. :
_b el autor
300 _a52 h.
502 _aTesis (M.C. Esp. Protección Vegetal) UACh. Departamento Parasitología Agrícola
650 _aFrijol
_x variedades resistentes a enfermedades
_943447
650 _aXanthomonas phaseoli
_9122888
710 _aUACh. Departamento Parasitología Agrícola
_9164025
901 _aPA TESIS 1733
902 _aA
905 _a0000002003 an 0000000000 00
910 _a2003
942 _cPARA
942 _cPARA
_d1
999 _c207545
_d207545